000 01578cam a22004097a 4500
003 CHAP
005 20220329142439.0
008 010226d2000 mx o r 00110 spa d
010 _a83606
011 _a84578
020 _a9689393185
035 _a95102
040 _cCHAP
082 0 4 _a323.354
_bJ4
100 0 0 _aJiménez Lozano, María Elena.
_961578
245 1 0 _aMujeres campesinas :
_bdesarrollo personal y colectivo con la investigación acción participativa
_c/por María Elena Jiménez Lozano
260 _aPuebla, Pue. :
_bColegio de Postgraduados. Campus Puebla,
_c2000.
300 _a255 p :
_bfots.
590 _aBATCH-UPD
_b10
_c20130110
_lUCH01
_h1014
590 _aBATCH-UPD
_b10
_c20130410
_lUCH01
_h0621
590 _aBATCH-UPD
_b10
_c20130914
_lUCH01
_h0938
590 _aCONVERSION
_b10
_c20130109
_lUCH01
_h1346
650 1 4 _aCiencias sociales
_xInvestigación.
_923226
650 1 4 _aInvestigación participativa.
_960254
650 1 4 _aInvestigación
_xMetodología.
_960237
650 1 4 _aMujer en agricultura.
_979359
650 1 4 _aMujer en comunidades rurales.
_979360
650 1 4 _aMujer
_xSituación social
_zColima.
_979337
650 1 4 _aTrabajo de la mujer.
_9114490
901 _aBK
905 _aEdna Luz
942 _cLIBRO
949 _a323.354 J4
_bBC
_cLIBRO
_d33724000810552
_eLIBRO
_fc.4
_h99810
_i95102
_si
949 _a323.354 J4
_bBC
_cLIBRO
_d33724000818217
_eLIBRO
_h99772
_i95102
_si
949 _a323.354 J4
_bBC
_cLIBRO
_d33724000818274
_eLIBRO
_fc.2
_h99773
_i95102
_si
949 _a323.354 J4
_bBC
_cUACH
_d33724000818696
_eUACH
_fc.3
_h99774
_i95102
_sb
999 _c83606
_d83606